| 000 | 00673nam a2200217 a 4500 | ||
|---|---|---|---|
| 001 | 3391 | ||
| 003 | CDMR | ||
| 005 | 20131126094140.0 | ||
| 008 | 130130s2008||||||||||||||||||||||||||||d | ||
| 020 | _a9788497213448 | ||
| 040 |
_aCDMR _bcat _cCDMR |
||
| 100 | 1 |
_aGarcía Castillejo, Ángel _9221 |
|
| 245 | 1 | 0 |
_aRégimen jurídico del profesional de la información _cAngel García Castillejo |
| 260 |
_aMadrid _bFundación sindical de Estudios |
||
| 260 |
_c2008 _bEdiciones GPS |
||
| 300 | _a427 p. | ||
| 650 | 0 | 4 |
_92767 _aPeriodistes _xSituació legal, lleis, etc |
| 650 | 0 | 4 |
_9983 _aÈtica periodística |
| 650 | 0 | 4 |
_93208 _aPeriodisme _xDret i legislació |
| 942 |
_cMON _2udc |
||
| 999 |
_c3391 _d3391 |
||